[Event "World Blitz Women 2017"]
[Site "Riyadh KSA"]
[Date "2017.12.30"]
[Round "15.31"]
[White "Badelka, Olga"]
[Black "Batsiashvili, Nino"]
[Result "1/2-1/2"]
[WhiteTitle "WIM"]
[BlackTitle "IM"]
[WhiteElo "2388"]
[BlackElo "2502"]
[WhiteFideId "13509926"]
[BlackFideId "13602993"]
[EventDate "2017.12.29"]

1. c4 e6 2. d4 d5 3. Nc3 Bb4 4. a3 Bxc3+ 5. bxc3 Nf6 6. e3 c6 7. cxd5 cxd5 8.
Nf3 O-O 9. c4 Nc6 10. Be2 dxc4 11. Bxc4 Na5 12. Bd3 a6 13. O-O b5 14. e4 Bb7 15.
Re1 Nc4 16. Qe2 h6 17. e5 Bxf3 18. Qxf3 Qxd4 19. Bf4 Nd5 20. Bg3 Rad8 21. Rad1
Qc5 22. Qe4 g6 23. Qh4 h5 24. Qg5 Qe7 25. Qh6 Nb2 26. Bh4 Qxh4 27. Bxg6 fxg6 28.
Qxg6+ Kh8 29. Qh6+ Kg8 30. Qg6+ 1/2-1/2

[Event "World Blitz Women 2017"]
[Site "Riyadh KSA"]
[Date "2017.12.30"]
[Round "15.32"]
[White "Gvetadze, Sofio"]
[Black "Doluhanova, Evgeniya"]
[Result "1-0"]
[WhiteTitle "IM"]
[BlackTitle "WGM"]
[WhiteElo "2289"]
[BlackElo "2352"]
[WhiteFideId "13601440"]
[BlackFideId "14112035"]
[EventDate "2017.12.29"]

1. e4 c5 2. Nf3 d6 3. d4 cxd4 4. Nxd4 Nf6 5. f3 e5 6. Nb3 Be7 7. c4 Nc6 8. Be3
a5 9. Be2 Be6 10. O-O O-O 11. Na3 Nd7 12. Kh1 Nc5 13. Rc1 Nb4 14. Ra1 f5 15.
exf5 Bxf5 16. Nxc5 dxc5 17. Qe1 e4 18. Rd1 Qb6 19. Qg3 Rad8 20. Nb5 Qg6 21. Qxg6
Bxg6 22. a3 Nd3 23. b3 b6 24. Nc7 Ne5 25. Nd5 Bh4 26. Nxb6 exf3 27. gxf3 Rxd1
28. Rxd1 Nxf3 29. Bxc5 Rf5 30. Rd5 Rf6 31. Nd7 1-0

[Event "World Blitz Women 2017"]
[Site "Riyadh KSA"]
[Date "2017.12.30"]
[Round "15.33"]
[White "Nakhbayeva, Guliskhan"]
[Black "Savina, Anastasia"]
[Result "1-0"]
[WhiteTitle "WGM"]
[BlackTitle "IM"]
[WhiteElo "2314"]
[BlackElo "2350"]
[WhiteFideId "13704788"]
[BlackFideId "4196872"]
[EventDate "2017.12.29"]

1. d4 Nf6 2. c4 g6 3. Nc3 Bg7 4. e4 d6 5. h3 O-O 6. Bg5 c5 7. d5 e6 8. Nf3 h6 9.
Be3 exd5 10. cxd5 a6 11. a4 Re8 12. Bd3 Nbd7 13. O-O Rb8 14. Qd2 Kh7 15. Qc2 Qc7
16. Rfe1 c4 17. Bf1 b5 18. axb5 axb5 19. Ra7 Qd8 20. Nd4 Bb7 21. Nc6 Qc8 22.
Nxb8 Qxb8 23. Nxb5 Rxe4 24. Rxb7 Qxb7 25. Nxd6 Qxd5 26. Nxe4 Nxe4 27. Bxc4 Qc6
28. Bxh6 Bxh6 29. Qxe4 Qb6 30. Bxf7 Nc5 31. Qe8 Bg7 32. Re7 Qxb2 33. Bxg6+ Kh6
34. Bf5 Qc1+ 35. Re1 Qg5 36. Qc6+ Bf6 37. Qxc5 Qf4 38. Bg4 Bg5 39. Re6+ Kg7 40.
Qa7+ Kf8 41. Qa8+ Kg7 42. Qb7+ Kf8 43. Qc8+ Kg7 44. Rc6 Be7 45. Qe6 1-0

[Event "World Blitz Women 2017"]
[Site "Riyadh KSA"]
[Date "2017.12.30"]
[Round "15.34"]
[White "Mamedjarova, Turkan"]
[Black "Munguntuul, Batkhuyag"]
[Result "1-0"]
[WhiteTitle "WGM"]
[BlackTitle "IM"]
[WhiteElo "2260"]
[BlackElo "2397"]
[WhiteFideId "13402005"]
[BlackFideId "4900758"]
[EventDate "2017.12.29"]

1. d4 d5 2. Nf3 c6 3. c4 Nf6 4. Nc3 a6 5. cxd5 cxd5 6. Bg5 Nc6 7. e3 Bf5 8. Bd3
Bxd3 9. Qxd3 e6 10. O-O Be7 11. a3 O-O 12. Ne5 Nxe5 13. dxe5 Nd7 14. Bf4 Rc8 15.
Rad1 Qb6 16. Rd2 Rc4 17. Bg3 Nc5 18. Qe2 Nb3 19. Rdd1 Rfc8 20. Kh1 h6 21. h3 Qa5
22. f4 g6 23. f5 gxf5 24. Qh5 Kg7 25. Bf4 Rxf4 26. Rxf4 Qc7 27. Nxd5 exd5 28.
Rxf5 Rf8 29. Rdf1 Bd8 30. R1f3 Qc1+ 31. Kh2 Qc7 32. Rg3+ Kh7 33. Qg4 Bg5 34.
Rxg5 1-0

[Event "World Blitz Women 2017"]
[Site "Riyadh KSA"]
[Date "2017.12.30"]
[Round "15.35"]
[White "Mammadova, Gulnar"]
[Black "Ding, Yixin"]
[Result "1-0"]
[WhiteTitle "IM"]
[BlackTitle "WGM"]
[WhiteElo "2357"]
[BlackElo "2424"]
[WhiteFideId "13403508"]
[BlackFideId "8602972"]
[EventDate "2017.12.29"]

1. e4 g6 2. d4 Bg7 3. Nf3 c6 4. Nc3 d5 5. h3 dxe4 6. Nxe4 Nf6 7. Nxf6+ exf6 8.
Bd3 O-O 9. O-O Nd7 10. c3 Nb6 11. c4 f5 12. Be3 Be6 13. Rc1 Qd7 14. a4 a5 15.
Qb3 Nc8 16. Rfd1 Nd6 17. d5 f4 18. dxe6 fxe6 19. Bc5 Qc7 20. Bxg6 Rfd8 21. Bb6
Qe7 22. Bxd8 Rxd8 23. Bb1 Rf8 24. Qa3 Rd8 25. Rd3 Bf8 26. Rcd1 b6 27. Qc3 Bg7
28. Qd2 Bf8 29. Qxf4 c5 30. Ng5 h6 31. Ne4 Nxe4 32. Rxd8 1-0

[Event "World Blitz Women 2017"]
[Site "Riyadh KSA"]
[Date "2017.12.30"]
[Round "15.36"]
[White "Atalik, Ekaterina"]
[Black "Nguyen, Thi Mai Hung"]
[Result "1/2-1/2"]
[WhiteTitle "IM"]
[BlackTitle "WGM"]
[WhiteElo "2451"]
[BlackElo "2321"]
[WhiteFideId "4130189"]
[BlackFideId "12401676"]
[EventDate "2017.12.29"]

1. d4 d5 2. c4 c6 3. Nf3 Nf6 4. Nc3 e6 5. e3 Nbd7 6. Bd3 Bd6 7. O-O O-O 8. Qc2
dxc4 9. Bxc4 b5 10. Be2 Qe7 11. e4 e5 12. dxe5 Nxe5 13. Nd4 b4 14. Na4 Neg4 15.
Bxg4 Nxg4 16. h3 Nf6 17. Re1 Bd7 18. Nf3 Bc7 19. Nc5 Rae8 20. Bg5 h6 21. Bxf6
gxf6 22. Rad1 Bc8 23. Nb3 Bb8 24. Qxc6 Bb7 25. Qc5 Bxe4 26. Qxe7 Rxe7 27. Nfd4
Rfe8 28. Nc5 Bg6 29. Rxe7 Rxe7 30. Nc6 Re8 31. Nxb8 Rxb8 32. Nd7 Rc8 33. Nxf6+
Kg7 34. Nd5 Rc2 35. Nxb4 Rxb2 36. Rd4 a5 37. Nc6 Rxa2 38. h4 a4 39. g4 h5 40. g5
a3 41. Kg2 Rb2 42. Ra4 a2 43. Ne5 Be4+ 44. Kg3 Bd5 45. Nd3 Rb1 46. Nf4 a1=Q 47.
Rxa1 Rxa1 48. Nxd5 Ra4 49. Nf4 Ra3+ 50. Kg2 Ra4 51. Kg3 Ra3+ 52. f3 Ra1 53.
Nxh5+ Kg6 54. Nf6 Kf5 55. Ng8 Rg1+ 56. Kf2 Rh1 57. Nh6+ Kg6 58. Kg3 Rg1+ 59. Kh2
Rf1 60. Kg2 Ra1 61. Ng4 Kh5 62. Kg3 Rg1+ 63. Kh2 Ra1 64. Ne5 Ra7 65. Kg3 Re7 66.
Nd3 Kg6 67. Kg4 Ra7 68. h5+ Kg7 69. Nf4 Ra4 70. h6+ Kh7 71. Kf5 Ra6 72. Nd5 Ra5
73. Ke5 Kg6 74. f4 f6+ 75. gxf6 Kxh6 76. Ke6 Ra6+ 77. Kf7 Ra7+ 78. Ne7 Kh7 79.
f5 Rb7 80. Ke6 Rb6+ 81. Ke5 Rb5+ 82. Kf4 Rb1 83. Nc6 Kg8 84. Ne5 Rb4+ 85. Kg5
Rb1 86. Ng4 Kf7 87. Nh6+ Kf8 88. Kg6 Rg1+ 89. Kh7 Rh1 90. f7 Rh2 91. Kg6 Rg2+
92. Kf6 Ra2 93. Ng4 Ra6+ 94. Kg5 Kxf7 95. Ne5+ 1/2-1/2

[Event "World Blitz Women 2017"]
[Site "Riyadh KSA"]
[Date "2017.12.30"]
[Round "15.37"]
[White "Hoolt, Sarah"]
[Black "Kovanova, Baira"]
[Result "1-0"]
[WhiteTitle "WGM"]
[BlackTitle "WGM"]
[WhiteElo "2405"]
[BlackElo "2367"]
[WhiteFideId "24606812"]
[BlackFideId "4164083"]
[EventDate "2017.12.29"]

1. e4 e5 2. Nf3 Nc6 3. Nc3 Nf6 4. Be2 Bb4 5. Nd5 Bc5 6. d3 h6 7. O-O d6 8. c3
O-O 9. Ne3 d5 10. exd5 Nxd5 11. Nxe5 Nxe5 12. d4 Nxe3 13. Bxe3 Bd6 14. dxe5 Bxe5
15. Qb3 Qh4 16. g3 Qf6 17. Rfe1 a5 18. a4 Be6 19. Qb5 b6 20. Bf1 Rad8 21. Bg2
Bd6 22. Rad1 Qg6 23. Bd4 Bd7 24. Qc4 Be6 25. Qb5 Bd7 26. Qc4 Be6 27. Qe2 Bb3 28.
Ra1 Bc2 29. Qf3 Rfe8 30. Qc6 Rf8 31. Re2 Bd3 32. Re3 Bc2 33. Rae1 h5 34. Be4
Bxe4 35. Rxe4 Qf5 36. Rh4 Qg6 37. Rhe4 Qf5 38. Qc4 Qg6 39. R1e3 Qf5 40. Qe2 c5
41. Be5 Bxe5 42. Rxe5 Qb1+ 43. Kg2 g6 44. Re7 Rd1 45. Kh3 Qf5+ 46. Kg2 Qb1 47.
Kh3 Rg1 48. Qf3 Qf1+ 49. Kh4 Rh1 50. Kg5 Qh3 51. Kh6 Qc8 52. Qf6 1-0

[Event "World Blitz Women 2017"]
[Site "Riyadh KSA"]
[Date "2017.12.30"]
[Round "15.38"]
[White "Ovod, Evgenija"]
[Black "Szczepkowska, Karina"]
[Result "0-1"]
[WhiteTitle "IM"]
[BlackTitle "IM"]
[WhiteElo "2364"]
[BlackElo "2419"]
[WhiteFideId "4131827"]
[BlackFideId "1122681"]
[EventDate "2017.12.29"]

1. d4 Nf6 2. Bg5 c6 3. Nf3 Qb6 4. b3 d5 5. e3 Ne4 6. Bd3 Bg4 7. Bf4 Bxf3 8. Qxf3
Qa5+ 9. Ke2 Nf6 10. Nd2 e6 11. c4 dxc4 12. Nxc4 Qd8 13. Be5 Be7 14. g4 b5 15.
Nd2 Qd5 16. e4 Qd8 17. g5 Nfd7 18. Bxg7 Rg8 19. Bh6 Nf8 20. h4 Qxd4 21. Rhd1 Ng6
22. Nf1 Qb2+ 23. Nd2 Nd7 24. Qg3 Nde5 25. Kf1 Rd8 26. Rab1 Qxa2 27. Bxb5 cxb5
28. f4 Rxd2 29. fxe5 Bc5 30. Rxd2 Qxb1+ 31. Kg2 Qxe4+ 32. Kh2 Qxe5 33. Qxe5 Nxe5
34. Rc2 Nd7 35. b4 Bb6 36. Rc8+ Bd8 37. Kg3 Ke7 38. Kf3 Nb6 39. Ke4 Nxc8 0-1

[Event "World Blitz Women 2017"]
[Site "Riyadh KSA"]
[Date "2017.12.30"]
[Round "15.39"]
[White "Papp, Petra"]
[Black "Gara, Anita"]
[Result "1-0"]
[WhiteTitle "WGM"]
[BlackTitle "IM"]
[WhiteElo "2313"]
[BlackElo "2367"]
[WhiteFideId "739049"]
[BlackFideId "709751"]
[EventDate "2017.12.29"]

1. e4 c5 2. Nf3 Nc6 3. Nc3 g6 4. d4 cxd4 5. Nxd4 Bg7 6. Be3 Nf6 7. Bc4 d6 8. f3
O-O 9. Qd2 Bd7 10. O-O-O Rc8 11. Bb3 Ne5 12. Kb1 Nc4 13. Bxc4 Rxc4 14. g4 a6 15.
Nde2 b5 16. g5 Nh5 17. Bd4 Be6 18. Bxg7 Kxg7 19. Ng3 Nxg3 20. hxg3 Rh8 21. Rh4
h5 22. gxh6+ Kh7 23. b3 Rc5 24. f4 Qc8 25. Nd5 Bxd5 26. exd5 Qf5 27. g4 Qe4 28.
Re1 Qxd5 29. Qxd5 Rxd5 30. Rxe7 Rf8 31. g5 b4 32. Rh2 Rd4 33. Rf2 Kg8 34. f5 Rg4
35. fxg6 Rxg5 36. g7 Rd8 37. Rexf7 Kh7 38. Rf8 1-0

[Event "World Blitz Women 2017"]
[Site "Riyadh KSA"]
[Date "2017.12.30"]
[Round "15.40"]
[White "Zozulia, Anna"]
[Black "Fataliyeva, Ulviyya"]
[Result "1-0"]
[WhiteTitle "IM"]
[BlackTitle "WGM"]
[WhiteElo "2316"]
[BlackElo "2384"]
[WhiteFideId "14102110"]
[BlackFideId "13403052"]
[EventDate "2017.12.29"]

1. e4 e6 2. d4 d5 3. Nd2 c5 4. exd5 exd5 5. Ngf3 a6 6. c3 Nc6 7. dxc5 Bxc5 8.
Nb3 Bb6 9. Be2 Nf6 10. O-O O-O 11. Bg5 Re8 12. h3 h6 13. Bh4 g5 14. Bg3 Ne4 15.
Nbd4 Qe7 16. Bd3 f5 17. Re1 Qf7 18. Qc2 Bd7 19. Bh2 Rac8 20. Qb3 Ba7 21. Qxb7
Nc5 22. Rxe8+ Qxe8 23. Nxc6 Nxb7 24. Nxa7 Ra8 25. Re1 Qf8 26. Ne5 Be8 27. Nac6
Qc5 28. Nd4 Bf7 29. Nxf5 Qb6 30. Ne7+ Kg7 31. Nf5+ Kg8 32. Ne7+ Kg7 33. Nf5+ Kg8
34. Ne7+ Kh8 35. Nxf7+ Kg7 36. Ne5 Rf8 37. Nxd5 Qxf2+ 38. Kh1 Qxe1+ 39. Bg1 Qd1
40. Bc4 Nd6 41. Bb3 Qc1 42. Nd3 Qd2 43. Bd4+ Kg6 44. Ne5+ Kh5 45. Ne3 Qe1+ 46.
Kh2 Qf2 47. Bd1+ Kh4 48. Ng6# 1-0

[Event "World Blitz Women 2017"]
[Site "Riyadh KSA"]
[Date "2017.12.30"]
[Round "15.41"]
[White "Zimina, Olga"]
[Black "Ordaz Valdes, Lisandra Teresa"]
[Result "1-0"]
[WhiteTitle "IM"]
[BlackTitle "WGM"]
[WhiteElo "2415"]
[BlackElo "2414"]
[WhiteFideId "4132190"]
[BlackFideId "3506940"]
[EventDate "2017.12.29"]

1. Nf3 d5 2. c4 e6 3. g3 dxc4 4. Qa4+ Nd7 5. Qxc4 a6 6. Qb3 b5 7. Bg2 Bb7 8. O-O
Ngf6 9. d3 Be7 10. Nc3 O-O 11. a4 b4 12. Nb1 Bd5 13. Qd1 e5 14. Nbd2 a5 15. Qc2
Rb8 16. Nc4 b3 17. Qd1 e4 18. Nd4 Bb4 19. Ne3 c5 20. Nxd5 cxd4 21. dxe4 Nxd5 22.
exd5 Qf6 23. Bf4 Rb6 24. Qxb3 Bc3 25. Qc4 Rxb2 26. Rab1 Nb6 27. Qc6 Qxc6 28.
dxc6 Nxa4 29. c7 Rxe2 30. Rb8 Ree8 31. Bc6 Rc8 32. Bxa4 g5 33. Bd6 1-0

[Event "World Blitz Women 2017"]
[Site "Riyadh KSA"]
[Date "2017.12.30"]
[Round "15.42"]
[White "Melia, Salome"]
[Black "Li, Ruofan"]
[Result "1-0"]
[WhiteTitle "IM"]
[BlackTitle "IM"]
[WhiteElo "2404"]
[BlackElo "2351"]
[WhiteFideId "13602446"]
[BlackFideId "8600643"]
[EventDate "2017.12.29"]

1. b3 e5 2. Bb2 f6 3. e4 c6 4. f4 exf4 5. Nh3 d5 6. Nxf4 Ne7 7. exd5 cxd5 8.
Bb5+ Nbc6 9. Qh5+ g6 10. Qe2 Bg7 11. Ne6 Bxe6 12. Qxe6 Qc8 13. Qxc8+ Rxc8 14.
Nc3 a6 15. Be2 Nb4 16. O-O-O O-O 17. a3 Nbc6 18. Na4 Ne5 19. d4 Nd7 20. Rhe1
Rfe8 21. Bf3 b5 22. Nc5 Nxc5 23. dxc5 Rxc5 24. Bxd5+ Kf8 25. Bb7 Rb8 26. Rd7 Nf5
27. Bd5 Nh6 28. Bd4 Rxd5 29. Rxd5 Rb7 30. Re6 Nf5 31. Rxa6 Kf7 32. Ra7 Rxa7 33.
Bxa7 Bh6+ 34. Kb1 Bf4 35. g3 Bd6 36. g4 Ke6 37. Rxb5 Nh6 38. h3 f5 39. g5 Nf7
40. h4 f4 41. a4 f3 42. a5 Ne5 43. a6 Nc6 44. Bf2 Be5 45. a7 1-0

[Event "World Blitz Women 2017"]
[Site "Riyadh KSA"]
[Date "2017.12.30"]
[Round "15.43"]
[White "Vijayalakshmi, Subbaraman"]
[Black "Gu, Xiaobing"]
[Result "0-1"]
[WhiteTitle "IM"]
[BlackTitle "WGM"]
[WhiteElo "2357"]
[BlackElo "2332"]
[WhiteFideId "5004098"]
[BlackFideId "8602611"]
[EventDate "2017.12.29"]

1. Nf3 Nf6 2. g3 g6 3. b3 Bg7 4. Bb2 d6 5. d4 O-O 6. Bg2 Nbd7 7. O-O Re8 8. c4
c6 9. Na3 Qc7 10. d5 Nc5 11. Nc2 Nce4 12. Ne3 e5 13. dxe6 Bxe6 14. Nd4 Bd7 15.
Qc2 a5 16. Rac1 Qb6 17. Rfd1 Bh6 18. Qd3 Nxf2 19. Kxf2 Bxe3+ 20. Kf1 Ng4 21. h3
Nf2 22. Qc3 Nxd1 23. Rxd1 Qb4 24. Qc2 Qc5 25. Rd3 Qg5 26. g4 Qh4 27. Rxe3 Rxe3
28. Nf3 Qe7 29. Ba1 f6 30. g5 Re8 31. Ng1 fxg5 32. Qd2 Re6 33. Qxa5 Qf7+ 34. Bf3
d5 35. Qc3 Re5 36. cxd5 cxd5 37. Qd2 h5 38. Bxe5 Rxe5 39. Ke1 g4 40. hxg4 hxg4
41. Bg2 Qf5 42. Qc1 g3 43. Nf3 Re8 44. Qc5 Qb1+ 45. Kd2 Qb2+ 46. Kd1 Qxe2+ 47.
Kc1 Qxg2 48. Qxd5+ Be6 49. Qb5 Rc8+ 50. Kb1 Qc2+ 0-1

[Event "World Blitz Women 2017"]
[Site "Riyadh KSA"]
[Date "2017.12.30"]
[Round "15.44"]
[White "Rapport, Jovana"]
[Black "Bivol, Alina"]
[Result "0-1"]
[WhiteTitle "WGM"]
[BlackTitle "WGM"]
[WhiteElo "2299"]
[BlackElo "2356"]
[WhiteFideId "937266"]
[BlackFideId "4100123"]
[EventDate "2017.12.29"]

1. d4 Nf6 2. Bf4 d6 3. Nf3 g6 4. Nc3 Nbd7 5. Qd2 c5 6. d5 Qa5 7. e4 Bg7 8. Bc4
a6 9. a4 Qb4 10. Bd3 c4 11. Be2 Nc5 12. e5 Nh5 13. O-O Nxf4 14. Qxf4 Qxb2 15.
Qxc4 Qb6 16. Rab1 Qd8 17. exd6 exd6 18. Ne4 Nxe4 19. Qxe4+ Qe7 20. Qxe7+ Kxe7
21. Bd3 h6 22. Nd2 Ra7 23. Nc4 Bg4 24. Rfe1+ Kd7 25. f3 Bf5 26. Nb6+ Kd8 27.
Bxf5 gxf5 28. g3 Bd4+ 29. Kg2 Rg8 30. Re2 f4 31. Re4 Be5 32. Rc4 Rg7 33. g4 h5
34. h3 f5 35. Rc8+ Ke7 36. Rc7+ Kf6 37. Rxg7 Kxg7 38. gxh5 Kh6 39. Nc8 Ra8 40.
Ne7 b5 41. axb5 axb5 42. Rxb5 Ra2 43. Kf1 Rxc2 44. Nxf5+ Kg5 45. h6 Kxf5 46. h7
Rh2 47. Rb7 Rxh3 48. Rf7+ Kg6 49. Rb7 Rxh7 50. Rb8 Kf5 51. Kg2 Rc7 52. Rf8+ Bf6
53. Kf2 Ke5 54. Ke2 Bg7 55. Re8+ Kxd5 56. Rg8 Be5 57. Kd3 Rc3+ 58. Kd2 Rxf3 59.
Ke2 Ra3 60. Rb8 Ke4 61. Rb4+ Bd4 62. Kd2 f3 63. Kc2 f2 64. Rb1 Ra1 65. Rxa1 Bxa1 0-1

[Event "World Blitz Women 2017"]
[Site "Riyadh KSA"]
[Date "2017.12.30"]
[Round "15.45"]
[White "Mamedjarova, Zeinab"]
[Black "Albzoor, Anwar"]
[Result "1-0"]
[WhiteTitle "WGM"]
[BlackTitle "WFM"]
[WhiteElo "2363"]
[BlackElo "1595"]
[WhiteFideId "13401521"]
[BlackFideId "11500522"]
[EventDate "2017.12.29"]

1. d4 d5 2. Nf3 e6 3. e3 Nf6 4. Bd3 Be7 5. Nbd2 O-O 6. b3 b6 7. Bb2 Bb7 8. O-O
Nbd7 9. c4 c5 10. cxd5 exd5 11. Ne5 Ne4 12. Qe2 Rc8 13. Rfd1 h6 14. dxc5 Ndxc5
15. Nxe4 dxe4 16. Bxe4 Qc7 17. Bc2 Ba6 18. Qg4 Ne6 19. Rac1 Qb7 20. Qf5 Rxc2 1-0

[Event "World Blitz Women 2017"]
[Site "Riyadh KSA"]
[Date "2017.12.30"]
[Round "16.1"]
[White "Michna, Marta"]
[Black "Dzagnidze, Nana"]
[Result "0-1"]
[WhiteTitle "WGM"]
[BlackTitle "GM"]
[WhiteElo "2377"]
[BlackElo "2522"]
[WhiteFideId "1106686"]
[BlackFideId "13601903"]
[EventDate "2017.12.29"]

1. Nf3 Nf6 2. g3 b6 3. Bg2 Bb7 4. O-O e6 5. d3 d5 6. Nbd2 Nbd7 7. c3 Be7 8. Qc2
O-O 9. Re1 Nc5 10. b4 Ncd7 11. Bb2 c5 12. bxc5 Nxc5 13. a4 h6 14. Nd4 Qc7 15.
Nb5 Qd7 16. Nf3 Rfc8 17. Ne5 Qe8 18. Reb1 Ncd7 19. Nxd7 Qxd7 20. Qb3 e5 21. Rd1
Bc6 22. c4 d4 23. Bxc6 Rxc6 24. a5 Qh3 25. f3 Nh5 26. Nxd4 exd4 27. Bxd4 Bf6 28.
Bxf6 Rxf6 29. axb6 Rxb6 30. Qxb6 axb6 31. Rxa8+ Kh7 32. Ra7 Qe6 33. Kf2 f5 34.
Rb1 f4 35. g4 Nf6 36. Ra6 Qe3+ 37. Kf1 Nxg4 38. fxg4 f3 39. Ra2 fxe2+ 40. Rxe2
Qxd3 41. Rc1 Qf3+ 42. Rf2 Qh1+ 43. Ke2 Qxc1 0-1

[Event "World Blitz Women 2017"]
[Site "Riyadh KSA"]
[Date "2017.12.30"]
[Round "16.2"]
[White "Ushenina, Anna"]
[Black "Cramling, Pia"]
[Result "1/2-1/2"]
[WhiteTitle "GM"]
[BlackTitle "GM"]
[WhiteElo "2416"]
[BlackElo "2450"]
[WhiteFideId "14110911"]
[BlackFideId "1700030"]
[EventDate "2017.12.29"]

1. d4 Nf6 2. Nf3 d5 3. Bf4 c5 4. e3 Nc6 5. Nbd2 Qb6 6. dxc5 Qxc5 7. a3 Bg4 8. h3
Bxf3 9. Nxf3 e6 10. Be2 Bd6 11. Bxd6 Qxd6 12. c4 O-O 13. O-O Rfd8 14. cxd5 Qxd5
15. Rc1 Qxd1 16. Rfxd1 h6 17. Bb5 Rxd1+ 18. Rxd1 Ne7 19. Rc1 a6 20. Be2 Nc6 21.
Kf1 Kf8 22. Bd3 Ke7 23. Ke2 Kd6 24. Nd2 Ke7 25. Nc4 Rd8 26. Nd2 g5 27. Nb3 Ne5
28. Bb1 Rd7 29. Na5 Kd8 30. g3 Rc7 31. Rd1+ Ke7 32. f4 Nc6 33. Nb3 a5 34. Bd3 b6
35. Bb5 Na7 36. Bd3 Nc6 37. Rd2 Nd5 38. Be4 Nf6 39. Bf3 Na7 40. Nd4 Ne8 41. h4
gxh4 42. gxh4 Nd6 43. h5 Nc4 44. Rc2 Kd7 45. a4 Nd6 46. Rd2 Ke7 47. e4 f6 48.
Bg2 e5 49. fxe5 fxe5 50. Nf5+ Nxf5 51. exf5 Nc8 52. b3 Kf6 53. Be4 Rc3 54. Rd8
Ke7 55. Rh8 Nd6 56. Bd5 Rh3 57. Rxh6 Nxf5 58. Re6+ Kd7 59. Rxe5 Nd4+ 60. Kd1
Nxb3 61. Be6+ Kd6 62. Bxh3 Kxe5 63. h6 Kf6 64. h7 Kg7 65. Bf5 Nc5 66. Bc2 Nxa4
67. Bxa4 Kxh7 68. Kc2 1/2-1/2

[Event "World Blitz Women 2017"]
[Site "Riyadh KSA"]
[Date "2017.12.30"]
[Round "16.4"]
[White "Gunina, Valentina"]
[Black "Mammadzada, Gunay"]
[Result "1/2-1/2"]
[WhiteTitle "GM"]
[BlackTitle "WGM"]
[WhiteElo "2510"]
[BlackElo "2333"]
[WhiteFideId "4167570"]
[BlackFideId "13403729"]
[EventDate "2017.12.29"]

1. e4 c5 2. Nf3 d6 3. d4 cxd4 4. Qxd4 Nf6 5. Nc3 a6 6. Be2 Nc6 7. Qd1 e6 8. O-O
Be7 9. h3 O-O 10. Bf4 b5 11. a3 Bb7 12. Bd3 Nd7 13. Qd2 Nce5 14. Be2 Qc7 15. Nd4
Nb6 16. Bh2 Rac8 17. Rad1 Nbc4 18. Qc1 Bf6 19. f4 Nc6 20. Nf3 Qb6+ 21. Kh1 Nd4
22. Bxc4 Rxc4 23. Bg1 e5 24. Qd2 Qc7 25. Qd3 Rc8 26. Nxd4 exd4 27. Ne2 Rxc2 28.
Bxd4 Bxd4 29. Nxd4 Rxb2 30. Rc1 Qxc1 31. Rxc1 Rxc1+ 32. Kh2 g6 33. f5 Ra1 34.
Ne2 Raa2 35. Nf4 g5 36. Qxd6 Rd2 37. Qb8+ Kg7 38. f6+ Kxf6 39. Nh5+ Kg6 40. Qxb7
Rxg2+ 41. Kh1 Rh2+ 42. Kg1 Rhg2+ 43. Kf1 Rgf2+ 44. Ke1 1/2-1/2

[Event "World Blitz Women 2017"]
[Site "Riyadh KSA"]
[Date "2017.12.30"]
[Round "16.5"]
[White "Buksa, Nataliya"]
[Black "Tan, Zhongyi"]
[Result "0-1"]
[WhiteTitle "WGM"]
[BlackTitle "GM"]
[WhiteElo "2385"]
[BlackElo "2517"]
[WhiteFideId "14123622"]
[BlackFideId "8603642"]
[EventDate "2017.12.29"]

1. d4 Nf6 2. Nc3 g6 3. Bf4 d6 4. h4 Nbd7 5. e3 e5 6. dxe5 dxe5 7. Bg3 Bg7 8. Bc4
c6 9. Nf3 Nh5 10. Bh2 Qe7 11. Qe2 b5 12. Bb3 Nc5 13. O-O-O O-O 14. Nd2 a5 15. a4
Be6 16. Bxe6 Qxe6 17. axb5 cxb5 18. Qxb5 Rfc8 19. e4 Rab8 20. Qc4 Nb3+ 21. Qxb3
Rxb3 22. Nxb3 a4 23. Nd2 a3 24. Nb3 Nf4 25. g3 a2 26. gxf4 Qxb3 27. cxb3 a1=Q+
28. Kc2 Qa6 29. fxe5 Qe2+ 30. Kb1 Qxf2 31. Bg1 Qf3 32. Bd4 Re8 33. b4 Bxe5 34.
Bxe5 Rxe5 35. b5 Re6 36. Rd8+ Kg7 37. Rhd1 Qg3 38. Ka2 Qxh4 39. R1d6 Rxd6 40.
Rxd6 Qe7 41. Rc6 Qa7+ 42. Kb3 Qb7 43. Kc4 h5 44. Rd6 h4 45. Rd3 h3 46. Rd1 h2
47. Nd5 Qc8+ 48. Kb4 Qc2 49. Nc3 Qxd1 50. Nxd1 h1=Q 51. Nc3 Qc1 52. Kb3 Qe3 53.
Kc4 g5 54. Kd5 g4 55. Kc6 Qd3 56. b6 Qd8 57. b7 g3 58. Nb5 g2 59. Nd6 g1=Q 60.
Nc8 Qc1+ 61. Kb5 Qcxc8 0-1

[Event "World Blitz Women 2017"]
[Site "Riyadh KSA"]
[Date "2017.12.30"]
[Round "16.6"]
[White "Skripchenko, Almira"]
[Black "Ju, Wenjun"]
[Result "1/2-1/2"]
[WhiteTitle "IM"]
[BlackTitle "GM"]
[WhiteElo "2403"]
[BlackElo "2567"]
[WhiteFideId "13900145"]
[BlackFideId "8603006"]
[EventDate "2017.12.29"]

1. e4 e6 2. d4 d5 3. exd5 exd5 4. Nf3 Nf6 5. Bd3 Be7 6. O-O O-O 7. Re1 Bg4 8.
Nbd2 Nbd7 9. c3 c5 10. h3 Bh5 11. Nf1 cxd4 12. cxd4 Bb4 13. Bd2 Bxd2 14. N1xd2
Qb6 15. Rb1 Rfe8 16. Rxe8+ Rxe8 17. Qa4 h6 18. Bf5 Rd8 19. Qa3 Nf8 20. Re1 Bg6
21. Bxg6 Nxg6 22. Qb3 Qc7 23. Ne5 Re8 24. Ndf3 Nf4 25. Qe3 Ne6 26. Rc1 Qb6 27.
b3 Qd6 28. Qc3 Ne4 29. Qa5 Nxd4 30. Nxd4 Qxe5 31. Qxa7 Qf4 32. Ne2 Qd2 33. Qe3
Qxa2 34. Nf4 Nf6 35. Qd3 Qb2 36. Rd1 Rd8 37. Rd2 Qe5 38. Ne2 Ra8 39. g3 Ne4 40.
Rd1 Nf6 41. Nf4 Rd8 42. Kh2 g6 43. Qd4 Qxd4 44. Rxd4 Kf8 45. Rb4 Rd7 46. Kg2 Ke7
47. Kf1 Rc7 48. Ke2 g5 49. Nd3 Ne4 50. Rb6 Nd6 51. Kd2 Rc6 52. Rb4 Ke6 53. g4
Ne4+ 54. Ke3 Nd6 55. Kd2 f5 56. gxf5+ Kxf5 57. h4 g4 58. Rf4+ Ke6 59. Rxg4 Kf6
60. Rf4+ Ke6 61. Rg4 Kf6 62. Rf4+ Nf5 63. Rb4 Nd6 64. Rf4+ Nf5 65. Rb4 b6 66.
Nf4 Ke5 67. Nd3+ Kf6 68. Nf4 Ke5 69. Nd3+ Kf6 70. Nf4 1/2-1/2